[Event "26. Off. Wuerttembergische Seniorenmst."]
[Site "Freudenstadt"]
[Date "2014.07.19"]
[Round "4.10"]
[White "Mertens, Gottfried"]
[Black "Pfitzer, Norbert"]
[Result "1-0"]
[WhiteElo "1669"]
[BlackElo "1928"]
[PlyCount "98"]
[EventDate "2014.??.??"]
[WhiteTeam "SK Weinheim 1911 e.V."]
[BlackTeam "SV Aalen-Ellwangen e.V."]

1. b4 Nf6 2. Bb2 e6 3. a3 d5 4. e3 a5 5. b5 c5 6. c4 Nbd7 7. Nf3 Bd6 8. Nc3 O-O
9. Be2 dxc4 10. Bxc4 Ne5 11. Nxe5 Bxe5 12. O-O Ne4 13. Nxe4 Bxb2 14. Ra2 Be5
15. d3 Qe7 16. Qh5 f5 17. Ng3 g6 18. Qe2 b6 19. Rd1 Kg7 20. Nf1 Bd6 21. Nd2 Bb7
22. Nf3 e5 23. e4 Rae8 24. Nd2 Qg5 25. Nb1 f4 26. f3 Be7 27. Nc3 Bd8 28. Bd5
Re7 29. Bxb7 Rxb7 30. Nd5 Qh5 31. Rf1 g5 32. g4 fxg3 33. hxg3 Rbf7 34. Kg2 Qg6
35. Ne3 h5 36. Nf5+ Kg8 37. Raa1 Rh7 38. Rh1 Kf7 39. Qa2+ Ke8 40. Qd5 Rd7 41.
Qxe5+ Kf7 42. Qc3 Bf6 43. Qc4+ Ke8 44. Qe6+ Kd8 45. Qxb6+ Ke8 46. Qe6+ Kd8 47.
Rhd1 h4 48. g4 h3+ 49. Kh1 Qh7 1-0

[Event "26. Off. Wuerttembergische Seniorenmst."]
[Site "Freudenstadt"]
[Date "2014.07.19"]
[Round "4.11"]
[White "Blosze, Winfried"]
[Black "Schwertel, Johann"]
[Result "1/2-1/2"]
[WhiteElo "1611"]
[BlackElo "1898"]
[PlyCount "96"]
[EventDate "2014.??.??"]
[WhiteTeam "SV Königsspringer 1929 Großauhei"]
[BlackTeam "SV Koblenz 03/25"]

1. e4 e6 2. d4 d5 3. exd5 exd5 4. Bd3 Nf6 5. Be3 Bg4 6. f3 Bh5 7. Ne2 Bg6 8.
Nbc3 c6 9. Qd2 Bb4 10. a3 Ba5 11. b4 Bb6 12. Na4 Nbd7 13. O-O O-O 14. Bxg6 hxg6
15. Bg5 Ne5 16. Nb2 Re8 17. Kh1 Ned7 18. Rad1 Nf8 19. Nf4 N8h7 20. Bxf6 Qxf6
21. c3 Bc7 22. Nh3 Qd6 23. g3 Re7 24. Rfe1 Rae8 25. Rxe7 Qxe7 26. Nd3 Qd7 27.
Kg2 a5 28. Re1 axb4 29. Rxe8+ Qxe8 30. Qe1 Qd7 31. Qe3 Bd6 32. Nhf2 f6 33. Nf4
Nf8 34. h4 Kf7 35. N2h3 Qf5 36. Qd3 Qd7 37. Qe2 Ne6 38. Qxe6+ Qxe6 39. Nxe6
Kxe6 40. Nf2 Kf5 41. Ng4 Ke6 42. Ne3 Bc7 43. f4 Bb8 44. Kf3 Bd6 45. Kg4 f5+ 46.
Kf3 Be7 47. Nd1 Kd6 48. Nb2 c5 1/2-1/2

[Event "26. Off. Wuerttembergische Seniorenmst."]
[Site "Freudenstadt"]
[Date "2014.07.19"]
[Round "4.12"]
[White "Riegler, Markus"]
[Black "Duijker, Bert"]
[Result "0-1"]
[WhiteElo "1596"]
[BlackElo "1893"]
[PlyCount "52"]
[EventDate "2014.??.??"]
[WhiteTeam "SK Mannheim-Lindenhof 1865"]

1. c4 g6 2. Nc3 Bg7 3. g3 d6 4. Bg2 f5 5. d4 Nf6 6. Bg5 c6 7. Bxf6 Bxf6 8. e3
O-O 9. Nge2 e5 10. O-O Nd7 11. Rc1 Qe7 12. d5 c5 13. e4 Bg5 14. Rc2 f4 15. f3
fxg3 16. Nxg3 Be3+ 17. Kh1 a6 18. Qd3 Bf4 19. Nce2 Qh4 20. Nxf4 exf4 21. Ne2
Ne5 22. Qd1 b5 23. b3 Bd7 24. Qe1 Qxe1 25. Rxe1 bxc4 26. bxc4 Rab8 0-1

[Event "26. Off. Wuerttembergische Seniorenmst."]
[Site "Freudenstadt"]
[Date "2014.07.19"]
[Round "4.13"]
[White "Macher, Claus"]
[Black "Stuiber, Wilhelm"]
[Result "1/2-1/2"]
[WhiteElo "1839"]
[BlackElo "1751"]
[PlyCount "41"]
[EventDate "2014.??.??"]
[WhiteTeam "SF Ammerbuch"]
[BlackTeam "SK Turm Euskirchen 65"]

1. d4 d5 2. c4 e6 3. Nc3 f5 4. g3 c6 5. Nf3 Bd6 6. b3 Nf6 7. Bg2 O-O 8. O-O
Nbd7 9. Bb2 Ne4 10. Nd2 Ndf6 11. f4 Nxd2 12. Qxd2 Bb4 13. Qd3 Ne4 14. Nxe4 fxe4
15. Qc2 Bd6 16. a3 Bd7 17. Rfc1 g5 18. e3 Qf6 19. Qe2 gxf4 20. exf4 Rf7 21. Bc3
1/2-1/2

[Event "26. Off. Wuerttembergische Seniorenmst."]
[Site "Freudenstadt"]
[Date "2014.07.19"]
[Round "4.15"]
[White "Slager, Anton"]
[Black "Woelbl, Josef"]
[Result "1-0"]
[WhiteElo "1800"]
[BlackElo "1623"]
[PlyCount "36"]
[EventDate "2014.??.??"]
[WhiteTeam "SK Randbauer Griesheim"]
[BlackTeam "SV Rottweil"]

1. e4 c5 2. Nf3 e6 3. d4 cxd4 4. Nxd4 Bc5 5. Nc3 Qb6 6. Na4 Qa5+ 7. c3 Bxd4 8.
Qxd4 e5 9. Qd1 Nf6 10. f3 Qc7 11. c4 Nc6 12. Be3 Qa5+ 13. Nc3 a6 14. a3 O-O 15.
b4 Qd8 16. Bc5 Re8 17. Na4 Rb8 18. Bd6 h6 1-0

[Event "26. Off. Wuerttembergische Seniorenmst."]
[Site "Freudenstadt"]
[Date "2014.07.19"]
[Round "4.16"]
[White "Szenetra, Werner"]
[Black "Duerr, Hanno"]
[Result "1-0"]
[WhiteElo "2094"]
[BlackElo "1739"]
[PlyCount "26"]
[EventDate "2014.??.??"]
[WhiteTeam "SV Berenbostel"]
[BlackTeam "SGem Vaihingen-Rohr"]

1. Nf3 d5 2. d3 Nf6 3. g3 c6 4. Bg2 Nbd7 5. O-O e5 6. Nbd2 Bd6 7. e4 O-O 8. Re1
Re8 9. b3 Qb6 10. Qe2 Nf8 11. h3 Ng6 12. Nf1 Be6 13. Bg5 Bd7 1-0

[Event "26. Off. Wuerttembergische Seniorenmst."]
[Site "Freudenstadt"]
[Date "2014.07.19"]
[Round "4.17"]
[White "Trefzer, Erhard"]
[Black "Abel, Hans-Peter"]
[Result "1-0"]
[WhiteElo "1936"]
[BlackElo "1709"]
[PlyCount "83"]
[EventDate "2014.??.??"]
[WhiteTeam "SV Besigheim"]
[BlackTeam "SC Leinfelden"]

1. e4 c5 2. Nc3 Nc6 3. f4 g6 4. Nf3 Bg7 5. Bb5 e6 6. Bxc6 bxc6 7. O-O Ne7 8. d3
O-O 9. Qe1 f6 10. Na4 d6 11. Rb1 Ba6 12. b3 Nc8 13. Bd2 Nb6 14. Ba5 Rb8 15. Nb2
Qe7 16. Kh1 Rb7 17. c4 Rfb8 18. Rd1 Rd7 19. d4 cxd4 20. Nxd4 Rc8 21. f5 exf5
22. exf5 d5 23. Bxb6 axb6 24. fxg6 hxg6 25. Qg3 Qf7 26. Rfe1 dxc4 27. bxc4 Rcd8
28. Nxc6 Rxd1 29. Rxd1 Rxd1+ 30. Nxd1 Qd7 31. Qf3 Bb7 32. Qd5+ Qxd5 33. cxd5
Bf8 34. Nc3 Ba6 35. a4 Kf7 36. g3 Bd6 37. Kg2 f5 38. Nb5 Bxb5 39. axb5 Ke8 40.
Kf3 Kd7 41. h4 Bc7 42. g4 1-0

[Event "26. Off. Wuerttembergische Seniorenmst."]
[Site "Freudenstadt"]
[Date "2014.07.19"]
[Round "4.18"]
[White "Abegg, Beat"]
[Black "Schuler, Georg"]
[Result "1/2-1/2"]
[WhiteElo "1910"]
[BlackElo "1670"]
[PlyCount "78"]
[EventDate "2014.??.??"]
[BlackTeam "SV Balingen"]

1. d4 Nf6 2. c4 e6 3. Nf3 b6 4. g3 Bb7 5. Bg2 Be7 6. O-O O-O 7. Nc3 d5 8. cxd5
exd5 9. Ne5 Nbd7 10. Nxd7 Qxd7 11. Bf4 Rac8 12. Rc1 h6 13. Qb3 c6 14. Rfd1 Rfe8
15. Bd2 Bd6 16. e3 Ba6 17. Qc2 Bb8 18. Na4 Be2 19. Re1 Bh5 20. Bb4 Bg6 21. Qd1
Be4 22. Bxe4 dxe4 23. Kg2 Bd6 24. Bxd6 Qxd6 25. Nc3 Nh7 26. h4 Qg6 27. Ne2 f5
28. Qb3+ Qf7 29. Qxf7+ Kxf7 30. Rc2 Ke7 31. Rec1 Kd7 32. b4 g5 33. Rh1 g4 34.
Nf4 Nf6 35. Ng6 Nd5 36. a3 b5 37. Rhc1 Kd6 38. Ne5 Ne7 39. Rc5 Rf8 1/2-1/2

[Event "26. Off. Wuerttembergische Seniorenmst."]
[Site "Freudenstadt"]
[Date "2014.07.19"]
[Round "4.19"]
[White "Heinzel, Peter"]
[Black "Philippin, Otto"]
[Result "1/2-1/2"]
[WhiteElo "1887"]
[BlackElo "1718"]
[PlyCount "86"]
[EventDate "2014.??.??"]
[WhiteTeam "SC Mülheim 08/25 e.V."]
[BlackTeam "SVG Vaihingen/Enz"]

1. b4 e5 2. Bb2 d6 3. e3 Nc6 4. b5 Nb8 5. c4 Nd7 6. Nc3 Ngf6 7. Be2 Be7 8. Qc2
O-O 9. Nf3 Re8 10. O-O Nf8 11. d4 exd4 12. Nxd4 Ne6 13. Nf5 Nc5 14. Ng3 Bf8 15.
Rfd1 g6 16. Ba3 b6 17. Bxc5 bxc5 18. Bf3 Rb8 19. a4 Bg7 20. Ra2 Bb7 21. Qe2
Bxf3 22. Qxf3 Qe7 23. h3 Qe5 24. Nge2 Qe6 25. Nd5 Nxd5 26. Rxd5 Qe4 27. Qxe4
Rxe4 28. Rc2 a6 29. Rd3 axb5 30. axb5 Ra8 31. f3 Re7 32. Kf2 Be5 33. Rdd2 Ra4
34. Rd5 Re8 35. f4 Ba1 36. g4 Rea8 37. b6 cxb6 38. Rxd6 b5 39. Ng3 Rb4 40. f5
Be5 41. Rc6 Bxg3+ 42. Kxg3 Re8 43. Re2 gxf5 1/2-1/2

[Event "26. Off. Wuerttembergische Seniorenmst."]
[Site "Freudenstadt"]
[Date "2014.07.19"]
[Round "4.20"]
[White "Krieg, Karl"]
[Black "Foltas, Hermann"]
[Result "1-0"]
[WhiteElo "1702"]
[BlackElo "1884"]
[PlyCount "60"]
[EventDate "2014.??.??"]
[WhiteTeam "SG Schwäbisch Gmünd 1872 e.V"]
[BlackTeam "SK Siemens München"]

1. d4 Nf6 2. c4 e6 3. Nc3 Bb4 4. e3 O-O 5. Bd3 d5 6. Nge2 dxc4 7. Bxc4 b6 8.
Bd2 Bb7 9. f3 c5 10. a3 cxd4 11. Nxd4 Bc5 12. Nc2 Nd5 13. Qe2 Nd7 14. b4 Be7
15. e4 Nxc3 16. Bxc3 Qc7 17. Bd4 Rac8 18. Bd3 Ne5 19. Bxe5 Qxe5 20. O-O Rfd8
21. f4 Qc3 22. Rfd1 a5 23. Ne1 axb4 24. axb4 Bxb4 25. Ra7 Qd4+ 26. Kf1 Bxe4 27.
Bc2 Bxg2+ 28. Nxg2 Qf6 29. Rxd8+ Qxd8 30. Bxh7+ Kxh7 1-0

[Event "26. Off. Wuerttembergische Seniorenmst."]
[Site "Freudenstadt"]
[Date "2014.07.19"]
[Round "4.21"]
[White "Foehl, Frithjof"]
[Black "Juergens, Peter"]
[Result "1/2-1/2"]
[WhiteElo "1666"]
[BlackElo "1871"]
[PlyCount "72"]
[EventDate "2014.??.??"]
[WhiteTeam "SV Oberkochen"]
[BlackTeam "SC Tempo Göttingen"]

1. e4 e6 2. d4 d5 3. e5 c5 4. c3 Nc6 5. Nf3 Qb6 6. Be2 cxd4 7. cxd4 Nh6 8. b3
Nf5 9. Bb2 Bb4+ 10. Kf1 O-O 11. g3 Bd7 12. a3 Be7 13. Kg2 f6 14. g4 Nh6 15.
exf6 gxf6 16. h3 Rac8 17. Nc3 Na5 18. b4 Nc4 19. Bc1 Nf7 20. Nd2 Nfd6 21. Nb3
Qc6 22. Nc5 b6 23. Nxd7 Qxd7 24. Bh6 Rfe8 25. Qd3 Nf7 26. Bf4 Bd6 27. Be3 Rc7
28. Rhc1 Rec8 29. Bd2 Nxd2 30. Qxd2 Bf8 31. Ba6 Rd8 32. Nb5 Rxc1 33. Rxc1 Bd6
34. Rc3 Bb8 35. Qc1 Nd6 36. Nxd6 Qxd6 1/2-1/2

[Event "26. Off. Wuerttembergische Seniorenmst."]
[Site "Freudenstadt"]
[Date "2014.07.19"]
[Round "4.22"]
[White "Fitzke, Ulrich"]
[Black "Schmidt, Heinrich"]
[Result "1/2-1/2"]
[WhiteElo "1648"]
[BlackElo "1854"]
[PlyCount "105"]
[EventDate "2014.??.??"]
[WhiteTeam "SV Bau-Union e.V."]
[BlackTeam "SV Nagold"]

1. d4 Nf6 2. c4 g6 3. Nc3 Bg7 4. Nf3 O-O 5. e3 d6 6. Bd3 c5 7. O-O Nc6 8. d5
Na5 9. Bd2 Bd7 10. Qc2 a6 11. Rfe1 Rb8 12. a4 e6 13. e4 exd5 14. exd5 Qc7 15.
b3 Rfe8 16. h3 Rxe1+ 17. Rxe1 Re8 18. Rxe8+ Bxe8 19. Ne2 Qb6 20. Nc1 Nd7 21.
Bc3 Bxc3 22. Qxc3 Qb4 23. Qxb4 cxb4 24. Bc2 Nc5 25. Nd2 Bd7 26. Na2 Bf5 27.
Bxf5 gxf5 28. Nc1 Ne4 29. Nf3 Kg7 30. Kf1 Kf6 31. Ke2 Nc5 32. Nd2 f4 33. g3
fxg3 34. fxg3 Kf5 35. Ke3 h5 36. Kf3 f6 37. Ke3 b6 38. Kd4 Nab7 39. Nd3 Nxd3
40. Kxd3 Nc5+ 41. Ke3 Ke5 42. Nf3+ Kf5 43. Nd4+ Kg5 44. Kf3 f5 45. Ke3 Kf6 46.
Kf4 Nd3+ 47. Ke3 Nc5 48. Kf3 Ke5 49. Ke3 Kf6 50. Kf3 Ke5 51. Ne6 Kf6 52. Nd4
Ke5 53. Nc6+ 1/2-1/2

[Event "26. Off. Wuerttembergische Seniorenmst."]
[Site "Freudenstadt"]
[Date "2014.07.19"]
[Round "4.23"]
[White "Schuetze, Manfred"]
[Black "Hinz, Ekkehard"]
[Result "0-1"]
[WhiteElo "1615"]
[BlackElo "1810"]
[PlyCount "32"]
[EventDate "2014.??.??"]
[WhiteTeam "SV Blau-Rot Pratau"]
[BlackTeam "SK Großsachsen"]

1. e4 d6 2. d4 Nf6 3. Nc3 e5 4. dxe5 dxe5 5. Qxd8+ Kxd8 6. Bd2 Be6 7. Nf3 Bd6
8. Ng5 Ke7 9. Nxe6 fxe6 10. Be2 a6 11. O-O Nc6 12. a3 Rad8 13. Be3 h6 14. Rad1
Nd4 15. Bxd4 exd4 16. Rxd4 Bxh2+ 0-1

[Event "26. Off. Wuerttembergische Seniorenmst."]
[Site "Freudenstadt"]
[Date "2014.07.19"]
[Round "4.24"]
[White "Pfitzer, Martin"]
[Black "Goldinger, Josef"]
[Result "1/2-1/2"]
[WhiteElo "1779"]
[BlackElo "1590"]
[PlyCount "52"]
[EventDate "2014.??.??"]
[WhiteTeam "SV Aalen-Ellwangen e.V."]
[BlackTeam "SV Rottweil"]

1. e4 e6 2. d4 d5 3. Nc3 Bb4 4. e5 c5 5. a3 cxd4 6. Qxd4 Nc6 7. Bb5 Bxc3+ 8.
Qxc3 Bd7 9. Nf3 h6 10. O-O Nge7 11. Re1 Rc8 12. Qd2 Nxe5 13. Bxd7+ Nxd7 14. Qd4
Nf5 15. Qa4 Qc7 16. c3 O-O 17. Qb4 Nc5 18. Qg4 Nd3 19. Rd1 Nxc1 20. Raxc1 Qb6
21. Qb4 Qa6 22. Nd4 Rc4 23. Qb3 Nxd4 24. Rxd4 Rfc8 25. Rcd1 b5 26. h3 Qa4
1/2-1/2

[Event "26. Off. Wuerttembergische Seniorenmst."]
[Site "Freudenstadt"]
[Date "2014.07.19"]
[Round "4.25"]
[White "Just, Gabriele"]
[Black "Fiedler, Joachim"]
[Result "1/2-1/2"]
[WhiteElo "1761"]
[BlackElo "1467"]
[PlyCount "61"]
[EventDate "2014.??.??"]
[WhiteTeam "SG Leipzig"]
[BlackTeam "USV TU Dresden"]

1. f4 d5 2. Nf3 b6 3. e3 Bb7 4. a4 Nd7 5. d3 e6 6. Be2 Ngf6 7. O-O Bd6 8. Qe1
O-O 9. Qh4 e5 10. fxe5 Nxe5 11. Nc3 Ng6 12. Qe1 Re8 13. Nh4 d4 14. Nd1 dxe3 15.
Nxg6 hxg6 16. Qh4 Nd5 17. Qg4 Re5 18. h4 Qe7 19. g3 a5 20. b3 Nf6 21. Qh3 Bc8
22. Qg2 Rb8 23. Bb2 Re6 24. Nc3 Be5 25. Rab1 Bb7 26. Qh3 Rc6 27. Nd1 Bxb2 28.
Rxb2 Bc8 29. Qg2 Bb7 30. Qh3 Bc8 31. Qg2 1/2-1/2

[Event "26. Off. Wuerttembergische Seniorenmst."]
[Site "Freudenstadt"]
[Date "2014.07.19"]
[Round "4.26"]
[White "Sukatsch, Manfred"]
[Black "Klein, Peter"]
[Result "0-1"]
[WhiteElo "1765"]
[BlackElo "1569"]
[PlyCount "60"]
[EventDate "2014.??.??"]
[WhiteTeam "SC Böblingen 1975 e.V."]
[BlackTeam "SK Horb"]

1. c4 e5 2. Nc3 Nf6 3. Nf3 Nc6 4. d4 exd4 5. Nxd4 Nxd4 6. Qxd4 b6 7. a3 Bb7 8.
Bg5 Be7 9. Rd1 h6 10. Bh4 d6 11. e4 O-O 12. Be2 Nd7 13. Bg3 Bf6 14. Qe3 Nc5 15.
Bf3 Re8 16. b4 Bxc3+ 17. Qxc3 Bxe4 18. O-O Bxf3 19. Qxf3 Nd7 20. Rd4 a5 21. Qc3
axb4 22. axb4 Qf6 23. Qd2 Re6 24. Rf4 Qe7 25. Qc3 Nf6 26. Rf3 Ne4 27. Qb2 Ng5
28. Rd3 Re2 29. Rd2 Re8 30. f3 Qe3+ 0-1

[Event "26. Off. Wuerttembergische Seniorenmst."]
[Site "Freudenstadt"]
[Date "2014.07.19"]
[Round "4.27"]
[White "Grasmeyer, Klaus-Peter"]
[Black "Schmidt, Eugen"]
[Result "0-1"]
[WhiteElo "1623"]
[BlackElo "1835"]
[PlyCount "71"]
[EventDate "2014.??.??"]
[WhiteTeam "SC Villingen"]
[BlackTeam "SF Oos e.V."]

1. d4 Nf6 2. c4 g6 3. Nf3 Bg7 4. Nc3 O-O 5. e3 d6 6. Be2 Nbd7 7. O-O c6 8. b3
e5 9. Qc2 Re8 10. dxe5 dxe5 11. e4 h6 12. Bb2 Qc7 13. Rad1 Nc5 14. Ba3 Qa5 15.
Bb2 Bg4 16. a3 Bxf3 17. Bxf3 Qc7 18. Rd2 Ne6 19. b4 Nd4 20. Qd1 Rad8 21. Nb1
Nh7 22. Be2 Ng5 23. f3 Nge6 24. c5 h5 25. Bc4 Bh6 26. Rd3 Nf4 27. Rd2 Nfe6 28.
Rd3 Qe7 29. Bxe6 Qxe6 30. Kh1 Bg7 31. Nc3 Qe7 32. Ne2 Ne6 33. Rxd8 Rxd8 34. Qc2
Qd7 35. Nc3 Qd2 36. Rf2 0-1

[Event "26. Off. Wuerttembergische Seniorenmst."]
[Site "Freudenstadt"]
[Date "2014.07.19"]
[Round "4.29"]
[White "Jaeger, Hans-Ulrich"]
[Black "Payen, Gerard"]
[Result "1-0"]
[WhiteElo "1749"]
[BlackElo "1665"]
[PlyCount "35"]
[EventDate "2014.??.??"]
[WhiteTeam "SC Sillenbuch"]
[BlackTeam "Paris"]

1. e4 e6 2. d4 d5 3. e5 c5 4. c3 Nc6 5. g3 Qb6 6. Ne2 Bd7 7. Bg2 Nh6 8. Bh3 Rc8
9. O-O cxd4 10. cxd4 Nb4 11. a3 Nc2 12. Ra2 Qb3 13. Nbc3 Bb5 14. Bxh6 gxh6 15.
Nc1 Qxa2 16. N1xa2 Bxf1 17. Bxf1 Nxa3 18. bxa3 1-0

[Event "26. Off. Wuerttembergische Seniorenmst."]
[Site "Freudenstadt"]
[Date "2014.07.19"]
[Round "4.30"]
[White "Micheel, Peter"]
[Black "Baeuerle, Horst"]
[Result "1-0"]
[WhiteElo "1741"]
[BlackElo "1506"]
[PlyCount "80"]
[EventDate "2014.??.??"]
[WhiteTeam "SSC Graal-Müritz"]
[BlackTeam "SK Horb"]

1. e4 c6 2. d4 d5 3. Nc3 dxe4 4. Nxe4 Bf5 5. Ng3 Bg6 6. h4 h6 7. Nf3 Nd7 8. h5
Be4 9. Bd3 Bxd3 10. Qxd3 e6 11. Bd2 Qc7 12. Qe2 Be7 13. O-O-O O-O-O 14. Ne5
Nxe5 15. dxe5 Bf8 16. Kb1 Ne7 17. c4 c5 18. Bc3 Rxd1+ 19. Rxd1 Nc6 20. f4 Be7
21. Rd2 Rd8 22. Ne4 Rxd2 23. Qxd2 Kb8 24. b3 b6 25. g4 a6 26. Nd6 Bf8 27. Ne4
Ne7 28. Qd6 Qxd6 29. exd6 Kc8 30. g5 hxg5 31. fxg5 e5 32. Bd2 Kd7 33. h6 gxh6
34. gxh6 Bxh6 35. Bxh6 f5 36. Ng3 f4 37. Ne4 Nd5 38. Kc2 Ne3+ 39. Kd3 b5 40.
cxb5 axb5 1-0

[Event "26. Off. Wuerttembergische Seniorenmst."]
[Site "Freudenstadt"]
[Date "2014.07.19"]
[Round "4.32"]
[White "Kuepferle, Ernst"]
[Black "Bauer, Robert"]
[Result "1-0"]
[WhiteElo "1715"]
[BlackElo "1210"]
[PlyCount "63"]
[EventDate "2014.??.??"]
[WhiteTeam "SK Kehl"]
[BlackTeam "SABT Post Südstadt Karlsruhe"]

1. e4 e5 2. Bc4 a6 3. Nc3 Nf6 4. Nf3 b5 5. Bb3 Bb7 6. d3 h6 7. Nxe5 d5 8. O-O
Bd6 9. Nf3 dxe4 10. dxe4 Nxe4 11. Nxe4 Bxe4 12. Re1 f5 13. Qd5 Rf8 14. Rxe4+
fxe4 15. Qxe4+ Be7 16. Qg6+ Kd7 17. Be6+ Kd6 18. Bf7+ Bf6 19. Bf4+ Kc6 20. Re1
Kb7 21. c3 Nc6 22. h3 Ne7 23. Qe4+ c6 24. Bb3 Nd5 25. Rd1 Re8 26. Qf5 Qc8 27.
Rxd5 cxd5 28. Bxd5+ Kb6 29. Qg6 Qd7 30. Bxa8 Rxa8 31. Be3+ Ka5 32. b4+ 1-0

[Event "26. Off. Wuerttembergische Seniorenmst."]
[Site "Freudenstadt"]
[Date "2014.07.19"]
[Round "4.33"]
[White "Pottgiesser, Ulrich"]
[Black "Stadler, Lothar"]
[Result "1/2-1/2"]
[WhiteElo "1553"]
[BlackElo "1699"]
[PlyCount "63"]
[EventDate "2014.??.??"]
[WhiteTeam "SC Leinfelden"]
[BlackTeam "SAbt SV Weiss-BL.Allianz"]

1. e4 c5 2. c3 d5 3. exd5 Qxd5 4. d4 e6 5. Nf3 Nc6 6. Be2 cxd4 7. cxd4 Nf6 8.
O-O Be7 9. Nc3 Qd7 10. Bf4 a6 11. h3 O-O 12. a3 Rd8 13. Be5 b5 14. b4 Bb7 15.
Ra2 Rac8 16. Bxf6 Bxf6 17. Ne4 Bxd4 18. Rd2 e5 19. Nc5 Qe7 20. Nxb7 Qxb7 21.
Nxd4 Nxd4 22. Kh1 Rc3 23. Bf3 Qe7 24. Rd3 Rdc8 25. Rxc3 Rxc3 26. Re1 Qc7 27.
Qxd4 f6 28. Qd5+ Kf8 29. Qa8+ Ke7 30. Qxa6 Rc1 31. Rxc1 Qxc1+ 32. Kh2 1/2-1/2

[Event "26. Off. Wuerttembergische Seniorenmst."]
[Site "Freudenstadt"]
[Date "2014.07.21"]
[Round "6.1"]
[White "Hoeschele, Hans-Ulrich"]
[Black "Haselhorst, Helmut"]
[Result "0-1"]
[WhiteElo "1948"]
[BlackElo "2023"]
[PlyCount "82"]
[EventDate "2014.??.??"]
[WhiteTeam "Stuttgarter SF 1879"]
[BlackTeam "SC Steinfurt 1996 e.V."]

1. d4 Nf6 2. Nf3 g6 3. g3 Bg7 4. Bg2 O-O 5. c3 d6 6. O-O Nbd7 7. Re1 e5 8. dxe5
dxe5 9. Qc2 Qe7 10. Bg5 h6 11. Bc1 Re8 12. Nfd2 Nf8 13. b3 Bf5 14. e4 Be6 15.
Ba3 Qd7 16. Nf1 Rad8 17. Nbd2 Qd3 18. Rac1 Qxc2 19. Rxc2 N8d7 20. Ne3 Bf8 21.
Bc1 Nc5 22. Rd1 Rd7 23. c4 c6 24. Bb2 Red8 25. Bxe5 Nfxe4 26. Nef1 Nxf2 27.
Kxf2 Nd3+ 28. Ke2 Nxe5 29. Rdc1 Nd3 30. Rb1 Bg4+ 31. Bf3 Re8+ 32. Ne3 Bf5 33.
Ndf1 Nc5 34. Rbc1 Bxc2 35. Rxc2 Ne6 36. Rd2 Rxd2+ 37. Nxd2 Nd4+ 38. Kd3 Rd8 39.
Bd5 Ne6 40. Nf3 cxd5 41. cxd5 Bc5 0-1

[Event "26. Off. Wuerttembergische Seniorenmst."]
[Site "Freudenstadt"]
[Date "2014.07.21"]
[Round "6.2"]
[White "Braeunlin, Klaus"]
[Black "Gollasch, Theo-Heinz"]
[Result "0-1"]
[WhiteElo "2063"]
[BlackElo "1996"]
[PlyCount "82"]
[EventDate "2014.??.??"]
[WhiteTeam "TG Biberach"]
[BlackTeam "Hamburger SK von 1830 eV"]

1. e4 c5 2. Nf3 Nc6 3. Bb5 g6 4. O-O Bg7 5. Re1 Qb6 6. Bf1 d6 7. c3 Bg4 8. h3
Bxf3 9. Qxf3 Nf6 10. Na3 a6 11. d3 O-O 12. Qe2 Qc7 13. g3 b5 14. Nc2 b4 15. Bd2
a5 16. Rec1 bxc3 17. bxc3 Rfb8 18. Ne3 a4 19. Rab1 Rxb1 20. Rxb1 Rb8 21. Qd1
Ra8 22. Qc1 Ne5 23. Kg2 e6 24. Be2 Qc6 25. Kh2 c4 26. d4 Nd3 27. Bxd3 cxd3 28.
f3 e5 29. d5 Qa6 30. Rb4 Nd7 31. Qb1 Nc5 32. Rb6 Qa7 33. Nc4 Bf8 34. Be3 Rc8
35. Qb5 a3 36. Bg1 Qa4 37. Ne3 Qxb5 38. Rxb5 Na4 39. c4 Nb2 40. Rb3 d2 41. Rxa3
Bh6 0-1

[Event "26. Off. Wuerttembergische Seniorenmst."]
[Site "Freudenstadt"]
[Date "2014.07.21"]
[Round "6.3"]
[White "Pape, Manfred"]
[Black "Weisenburger, Horst"]
[Result "0-1"]
[WhiteElo "2019"]
[BlackElo "2028"]
[PlyCount "58"]
[EventDate "2014.??.??"]
[WhiteTeam "SK Bad Harzburg"]
[BlackTeam "SC Böblingen 1975 e.V."]

1. b3 e5 2. Bb2 Nc6 3. e3 d5 4. Bb5 Bd6 5. Nf3 Qe7 6. Nc3 Nf6 7. d4 e4 8. Nd2
O-O 9. Be2 a6 10. a3 Be6 11. O-O Nd7 12. Nxd5 Bxd5 13. c4 Be6 14. d5 Bf5 15.
dxc6 bxc6 16. Bg4 Bxg4 17. Qxg4 f5 18. Qe2 Rae8 19. Rfe1 Nc5 20. Ra2 Nd3 21.
Rb1 f4 22. Bd4 c5 23. Bc3 f3 24. Nxf3 Rxf3 25. gxf3 Bxh2+ 26. Kxh2 Qh4+ 27. Kg1
Re6 28. Qf1 exf3 29. Qxd3 Rg6+ 0-1

[Event "26. Off. Wuerttembergische Seniorenmst."]
[Site "Freudenstadt"]
[Date "2014.07.21"]
[Round "6.4"]
[White "Reinhold, Klaus"]
[Black "Weenink, Henk"]
[Result "0-1"]
[WhiteElo "1938"]
[BlackElo "2185"]
[PlyCount "78"]
[EventDate "2014.??.??"]
[WhiteTeam "SC Gronau 1920 e.V."]

1. d4 d5 2. c4 c6 3. Nf3 Nf6 4. Nc3 dxc4 5. a4 Bf5 6. e3 e6 7. Bxc4 Bb4 8. O-O
O-O 9. Qe2 Nbd7 10. Rd1 Qc7 11. e4 Bg4 12. e5 Nd5 13. Bd2 Nxc3 14. bxc3 Be7 15.
h3 Bxf3 16. Qxf3 c5 17. Bd3 Rfd8 18. Qe4 g6 19. Rdb1 Rab8 20. a5 c4 21. Bc2 b5
22. axb6 Rxb6 23. Rxb6 Nxb6 24. h4 Nd5 25. h5 Rb8 26. hxg6 hxg6 27. Ra2 Kg7 28.
Qg4 Rh8 29. g3 Qb7 30. Qf3 a5 31. Kg2 Ne3+ 32. Bxe3 Rh2+ 33. Kxh2 Qxf3 34. Rxa5
Bg5 35. Bxg5 Qh5+ 36. Bh4 g5 37. Bd1 Qh6 38. Rc5 gxh4 39. Rxc4 Qd2 0-1

[Event "26. Off. Wuerttembergische Seniorenmst."]
[Site "Freudenstadt"]
[Date "2014.07.21"]
[Round "6.5"]
[White "Wolf, Walter"]
[Black "Lang, Ferdinand"]
[Result "1-0"]
[WhiteElo "2121"]
[BlackElo "2051"]
[PlyCount "70"]
[EventDate "2014.??.??"]
[WhiteTeam "Stuttgarter SF 1879"]
[BlackTeam "TSV Willsbach"]

1. f4 d5 2. g3 c5 3. Bg2 Nf6 4. Nf3 Nc6 5. O-O e6 6. d3 Bd6 7. c3 Qc7 8. Na3 a6
9. Qe1 b5 10. e4 dxe4 11. dxe4 e5 12. Nc2 O-O 13. f5 Bb7 14. Bg5 Be7 15. Ne3
Nb8 16. Bxf6 Bxf6 17. Ng4 Nd7 18. Rd1 Rad8 19. Qe2 Be7 20. b3 f6 21. h4 Bc6 22.
h5 Nb8 23. Nh4 Rxd1 24. Rxd1 Rd8 25. Rxd8+ Qxd8 26. h6 Bf8 27. hxg7 Bxg7 28.
Nf2 c4 29. Qe3 Bf8 30. Kh2 Nd7 31. bxc4 bxc4 32. Qe2 Bb5 33. a4 Qa5 34. axb5
axb5 35. Qd2 Qa7 1-0

[Event "26. Off. Wuerttembergische Seniorenmst."]
[Site "Freudenstadt"]
[Date "2014.07.21"]
[Round "6.6"]
[White "Slager, Anton"]
[Black "Szenetra, Werner"]
[Result "0-1"]
[WhiteElo "1800"]
[BlackElo "2094"]
[PlyCount "69"]
[EventDate "2014.??.??"]
[WhiteTeam "SK Randbauer Griesheim"]
[BlackTeam "SV Berenbostel"]

1. e4 g6 2. d4 Bg7 3. Nf3 d6 4. Be2 Nd7 5. c3 e6 6. O-O Ne7 7. Bg5 h6 8. Be3 b6
9. c4 Bb7 10. Nc3 O-O 11. Nd2 e5 12. Nb3 f5 13. f3 h5 14. a4 exd4 15. Nxd4 Nc5
16. Qc2 Nc6 17. Nxc6 Bxc6 18. Bxc5 bxc5 19. exf5 Bd4+ 20. Kh1 gxf5 21. Nd5 Rb8
22. Rab1 Bd7 23. f4 c6 24. Nc3 Qf6 25. Rf3 Rfe8 26. b3 Bxc3 27. Rg3+ Kh8 28.
Rxc3 Rxe2 29. Qd3 Rbe8 30. Rcc1 R8e3 31. Qd1 Be8 32. Qf1 Qh4 33. Rc3 Qe7 34.
Rxe3 Qxe3 35. Rd1 0-1

[Event "26. Off. Wuerttembergische Seniorenmst."]
[Site "Freudenstadt"]
[Date "2014.07.21"]
[Round "6.7"]
[White "Trefzer, Erhard"]
[Black "Storkebaum, Karl-Heinrich"]
[Result "1-0"]
[WhiteElo "1936"]
[BlackElo "1758"]
[Annotator "König,Dirk"]
[PlyCount "67"]
[EventDate "2014.??.??"]
[WhiteTeam "SV Besigheim"]
[BlackTeam "SAbt TEC Darmstadt"]

1. e4 c5 2. Nf3 d6 3. c3 Nf6 4. Be2 Nc6 5. d4 cxd4 6. cxd4 Bd7 7. d5 Ne5 8.
Nxe5 dxe5 9. Nc3 Qb6 10. O-O e6 11. dxe6 fxe6 12. Qd3 Qd4 13. Qf3 Qb6 14. Qg3
Kf7 15. Bg5 Be7 16. Rfd1 Rhd8 17. Qxe5 Rac8 18. Rd2 Be8 19. Rad1 Rxd2 20. Rxd2
a6 21. Qf4 Kg8 22. e5 Nd5 23. Nxd5 Bxg5 24. Qxg5 exd5 25. h3 Bf7 26. Bg4 Re8
27. a3 h6 28. Qf4 Qc5 29. Re2 Be6 30. Bxe6+ Rxe6 31. Qf5 Qb6 32. Kh2 g6 33. Qd3
Qc6 34. Rc2 {(41 Zuege)} 1-0